000 00996nas a2200277 4500
001 BR8601798
003 BR-BrBNA
005 20231205090427.0
007 ta
008 230509b bl.|||p| |||| 00| 00por d
040 _aBR-BrBNA
_bpor
_cBiblioteca Nacional de Agricultura
041 _a(Pt)
072 _aF60
100 1 _aSaunders, L.C.U.
100 1 _aCastro, P.T. de
100 1 _aBezerra, F.M.L.
100 1 _aPereira, A.L.C.
245 1 _aEvapotranspiracao atual da cultura do feijao-de-corda, Vigna unguiculata (L.)(Walp.), na microrregiao-homogenea de Quixeramobim, Ceara
246 1 _a[Present evapotranspiration of cowpea, Vigna unguiculata (L.)(Walp.), in the homogeneous microregion of Quixeramobim, Ceara, Brazil]
650 _aFEIJAO DE CORDA
650 _aEVAPOTRANSPIRACAO
650 _aCEARA
773 0 _tCiencia Agronomica (Brazil)
_xISSN 0045-6888
_g(Jun 1985), v. 16(1) p. 75-81
_wBR8601798
909 _a202311
_bLúcia
_c55
_dLúcia Elande
942 _2AGRIS
_n0
_cANA
999 _c118339
_d118339